Finanzas and Desarrollo, junio de 2010.

Asia Leading the Way explores how the region is moving into a leadership role in the world economy. The issue looks at Asia's biggest economy, China, which has relied heavily on exports to grow, and its need to increase domestic demand and to promote global integration if it is to continue to t...

Descrición completa

Detalles Bibliográficos
Autor Corporativo: International Monetary Fund. External Relations Dept
Formato: Revista
Idioma:English
Publicado: Washington, D.C. : International Monetary Fund, 2010.
Series:Finance and Development; Finance and Development ; No. 0047/002
Acceso en liña:Full text available on IMF
LEADER 02560cas a2200241 a 4500
001 AALejournalIMF009909
008 230101c9999 xx r poo 0 0eng d
020 |z 9781451956818 
022 |a 0250-7447 
040 |a BD-DhAAL  |c BD-DhAAL 
110 2 |a International Monetary Fund.  |b External Relations Dept. 
240 1 0 |a Finanzas and Desarrollo, junio de 2010.  |l Spanish 
245 1 0 |a Finanzas and Desarrollo, junio de 2010. 
264 1 |a Washington, D.C. :  |b International Monetary Fund,  |c 2010. 
300 |a 1 online resource (60 pages) 
490 1 |a Finance and Development 
500 |a <strong>Off-Campus Access:</strong> No User ID or Password Required 
500 |a <strong>On-Campus Access:</strong> No User ID or Password Required 
506 |a Electronic access restricted to authorized BRAC University faculty, staff and students 
520 3 |a Asia Leading the Way explores how the region is moving into a leadership role in the world economy. The issue looks at Asia's biggest economy, China, which has relied heavily on exports to grow, and its need to increase domestic demand and to promote global integration if it is to continue to thrive. China is not the only Asian economy that heavily depends on exports and all of them might take some cues from the region's second-biggest economy, India, which has a highly developed services sector. Min Zhu, the new Special Advisor to the IMF's Managing Director, talks about Asia in the global economy, the global financial crisis, correcting imbalances, and the IMF in Asia. And "People in Economics" profiles an Asian crusader for corporate governance, Korea's Jang Hasung. This issue of F and D also covers how best to reform central banking in the aftermath of the global economic crisis; the pernicious effects of derivatives trading on municipal government finances in Europe and the United States; and some ominous news for governments hoping to rely on better times to help them reduce their debt burdens. Mohamed El-Erian argues that sovereign wealth funds are well-placed to navigate the new global economy that will emerge following the world wide recession. "Back to Basics" explains supply and demand. "Data Spotlight" explores the continuing weakness in bank credit. And "Picture This" focuses on the high, and growing, cost of energy subsidies. 
538 |a Mode of access: Internet 
830 0 |a Finance and Development; Finance and Development ;  |v No. 0047/002 
856 4 0 |z Full text available on IMF  |u http://elibrary.imf.org/view/journals/022/0047/002/022.0047.issue-002-es.xml  |z IMF e-Library